| 000 | 00601nam a22001937a 4500 | ||
|---|---|---|---|
| 999 |
_c193101 _d193101 |
||
| 005 | 20221014165031.0 | ||
| 010 | _aUR-11758 | ||
| 020 |
_a9789393785022 _c300.00 |
||
| 035 | _aU-10313 | ||
| 037 |
_bDBAD/PUB _a- |
||
| 082 | _aک | ||
| 100 | _aمحبوب فر ید | ||
| 245 |
_aمونڈ بکرا / _cمحبوب فر ید _hا ر د و |
||
| 246 |
_aMond Bakra: Wit and Humour / _bby Mahboob Farid |
||
| 260 |
_aNew Delhi _bEducational Publishing House _c2020 ء |
||
| 270 |
_aH.O. D1/16, Ansari Road, Daryaganj _bNew Delhi _e110002 |
||
| 300 |
_a108 ص _c23cm(Hb) |
||
| 942 |
_2ddc _cUR _hک _mم ح ب |
||